Interacció 2000 : cultura i servei públic : Casa de la Caritat de Barcelona : Del 18 al 21 d'octubre de 2000 cultura i servei públic :
Descripción Física:
[23] p. : il. ; 21 cm
MARC
| LEADER | 00000nam a2200000Ia 4500 | ||
|---|---|---|---|
| 001 | 12756 | ||
| 003 | BGR | ||
| 005 | 20260324175300.0 | ||
| 008 | 160829s2000 xx 000 0 cat d | ||
| 080 | |a FU-14-71 | ||
| 111 | |a Interacció |9 71067 |c (Barcelona : |d 2000) | ||
| 245 | |a Interacció 2000 : |b cultura i servei públic : |b Casa de la Caritat de Barcelona : |b Del 18 al 21 d'octubre de 2000 | ||
| 260 | |a [Barcelona] : |b Diputació de Barcelona. Àrea de Cultura, |c 2000 | ||
| 300 | |a [23] p. : |b il. ; |c 21 cm | ||
| 650 | |a Cultura |x Congressos |9 24761 | ||
| 650 | |a Serveis públics |x Congressos |9 24762 | ||
| 710 | |a Casa de Caritat (Barcelona, Catalunya) |9 52406 | ||
| 901 | |a Arxiu | ||
| 942 | |n 1 |2 udc |c JC | ||
| 952 | |0 0 |1 0 |4 0 |6 FU1471 |7 1 |9 43307 |a Arxiu |b Arxiu |d 2016-12-01 |l 0 |o FU-14-71 |p 12756 |r 2016-12-01 00:00:00 |w 2016-12-01 |y ARXIU | ||
| 999 | |c 45852 |d 45852 | ||